00727 a2200193 4500999001900000005001700019010001500036020003200051035001400083037001300097082001100110100002100121245007700142260006400219270007700283300002200360942003000382952012100412 c183398d18339820211229121012.0 aENG-130588 a978-934-5460-149-1c1501.00 aEN-114120 bDBAD/PUB a153.93 aZahler, Kathy A. aConquering GRE Verbal Reasoning and Analytical Writing:cKathy A. Zahler aChennaibMcGraw Hill Education(india) Private Limitedc2022 aAnjana Complex No.5 /90 A, Butt Road, St. Thomas Mount bChennaie600016 a229p.c28cm (pbk) adplcEN2ddch153.93mZAH 001040708NFICaMbMd2021-12-24eDBAD/PUBg1501.00l0o153.93 ZAHpEN-114120r2021-12-24 00:00:00t1v1501.00yEN